Wszystkie stacje i przystanki osobowe PKP w Wielkopolsce - Statystyki

Ogólne statystyki
  • Ten quiz został rozwiązany 33 razy
    23 od ostatniego zresetowania
  • Średni wynik to 72 z 273
Statystyki odpowiedzi
Stacja % Poprawnych
Koło
88%
Konin
88%
Poznań Główny
88%
Września
88%
Gniezno
75%
Jarocin
75%
Kalisz
75%
Kępno
75%
Kościan
75%
Krzyż
75%
Leszno
75%
Nowy Tomyśl
75%
Ostrów Wielkopolski
75%
Piła Główna
75%
Pleszew
75%
Słupca
75%
Środa Wielkopolska
75%
Szamotuły
75%
Wolsztyn
75%
Chodzież
63%
Jastrowie
63%
Krotoszyn
63%
Luboń koło Poznania
63%
Oborniki Wielkopolskie
63%
Opalenica
63%
Poznań Wschód
63%
Rawicz
63%
Wronki
63%
Zbąszyń
63%
Buk
50%
Grodzisk Wielkopolski
50%
Kalisz Winiary
50%
Kłodawa
50%
Kórnik
50%
Nowe Skalmierzyce
50%
Oborniki Wielkopolskie Miasto
50%
Ostrzeszów
50%
Poznań Garbary
50%
Poznań Wola
50%
Puszczykowo
50%
Rogoźno Wielkopolskie
50%
Swarzędz
50%
Wągrowiec
50%
Złotów
50%
Bojanowo
38%
Czempiń
38%
Drużyna Poznańska
38%
Iłowiec
38%
Janków Przygodzki
38%
Kaczory
38%
Kalisz Szczypiorno
38%
Kiekrz
38%
Kobylin
38%
Krobia
38%
Łęka Opatowska
38%
Leszno Grzybowo
38%
Miłosław
38%
Mosina
38%
Opatówek
38%
Palędzie
38%
Pęckowo
38%
Pobiedziska
38%
Poznań Dębiec
38%
Poznań Dębina
38%
Poznań Krzesiny
38%
Poznań Starołęka
38%
Przygodzice
38%
Puszczykówko
38%
Rokietnica
38%
Stare Bojanowo
38%
Trzcianka
38%
Wieleń
38%
Wydartowo
38%
Adamowo
25%
Antonin
25%
Babiak
25%
Baborówko
25%
Barłogi
25%
Biadki
25%
Biniew
25%
Bronów
25%
Budzyń
25%
Chludowo
25%
Czekanów
25%
Czeluścin
25%
Drawski Młyn
25%
Dzierżanów Wielkopolski
25%
Gądki
25%
Górka Duchowna
25%
Jastrowie Miasto
25%
Kaczkowo
25%
Kąkolewo
25%
Kobylnica
25%
Konin Zachód
25%
Kotlin
25%
Lasocice
25%
Lipka Krajeńska
25%
Lipno Nowe
25%
Miały
25%
Milcz
25%
Mokrz
25%
Murowana Goślina
25%
Oborzyska Stare
25%
Ociąż
25%
Odolanów
25%
Ostrówki koło Chodzieży
25%
Ostrów Wielkopolski Gorzyce
25%
Otusz
25%
Pamiątkowo
25%
Parkowo
25%
Pępowo
25%
Piła Fabryczna
25%
Piła Kalina
25%
Płytnica
25%
Pobiedziska Letnisko
25%
Powodowo
25%
Poznań Antoninek
25%
Poznań Górczyn
25%
Poznań Junikowo
25%
Poznań Podolany
25%
Poznań Strzeszyn
25%
Przysieka Stara
25%
Radliczyce
25%
Rakoniewice
25%
Ruchocice
25%
Rydzyna
25%
Solec Wielkopolski
25%
Stara Łubianka
25%
Stefanowo
25%
Stęszew
25%
Trzemeszno
25%
Włoszakowice
25%
Wyrzysk Osiek
25%
Zduny
25%
Żerków
25%
Belęcin Wielkopolski
13%
Biała Pilska
13%
Białosliwie
13%
Biernatowo
13%
Biskupice Wielkopolskie
13%
Błotnica
13%
Bogdanowo
13%
Bolechowo
13%
Boszkowo
13%
Bożacin
13%
Budki Nowe
13%
Chocicza
13%
Chrośnica
13%
Chwalibogowo
13%
Cienin
13%
Cienin Kościelny
13%
Czerniejewo
13%
Czerwonak
13%
Czerwonak Osiedle
13%
Daniszyn
13%
Dolaszewo Wałeckie
13%
Dolnik
13%
Domanin
13%
Dopiewo
13%
Drzymałowo
13%
Dzięczyn
13%
Dziembówko
13%
Fałkowo
13%
Garki
13%
Gębarzewo
13%
Gołańcz
13%
Golęczewo
13%
Golina
13%
Gorzupia
13%
Grąblewo
13%
Granowo
13%
Grylewo
13%
Gułtowy
13%
Gutowo Wielkopolskie
13%
Jankowo Dolne
13%
Jastrzębsko
13%
Karzec
13%
Kawnice
13%
Kobylec
13%
Kostrzyn Wielkopolski
13%
Kotowo
13%
Kożmin Wielkopolski
13%
Krajenka
13%
Kramsk
13%
Krostkowo
13%
Krzycko Wielkie
13%
Książno
13%
Kuklinów
13%
Łąkociny
13%
Laskownica
13%
Lednogóra
13%
Ligowiec
13%
Łopuchowo
13%
Łopuchowo Osiedle
13%
Marzenin
13%
Miasteczko Krajeńskie
13%
Mieszków
13%
Nekla
13%
Niedźwiedź Wielkopolski
13%
Nowawieś Mochy
13%
Nowy Solec
13%
Nowy Widzim
13%
Obłaczkowo
13%
Obra Stara
13%
Okonek
13%
Orzechowo
13%
Otoczna
13%
Owińska
13%
Paczkowo
13%
Patrzyków
13%
Pawłowice
13%
Pawłów Wielkopolski
13%
Perkowo
13%
Pierzchno
13%
Pierzyska
13%
Piła Podlasie
13%
Podstolice
13%
Poniec
13%
Porażyn
13%
Poznań Karolin
13%
Promno
13%
Przebędowo
13%
Przysieczyn
13%
Ptaszkowo
13%
Ptusza
13%
Radlin Wielkopolski
13%
Rostarzewo
13%
Roszkowo Wągrowieckie
13%
Rożnowo
13%
Sątopy
13%
Siedlisko Czarnkowskie
13%
Skoki
13%
Sława Wielkopolska
13%
Słupia
13%
Sokołowo Budzyńskie
13%
Sośnie Ostrowskie
13%
Spławie
13%
Starkowo
13%
Stobno
13%
Strykowo Poznańskie
13%
Strzałkowo
13%
Sulęcinek
13%
Szreniawa
13%
Szydłowo Krajeńskie
13%
Taczanów
13%
Tarchały Wielkie
13%
Tarnowo Rogozińskie
13%
Tłoki
13%
Topola-Osiedle
13%
Trzebaw Rosnówko
13%
Tuchorza
13%
Turzynów
13%
Wargowo
13%
Wilkowice
13%
Wiry
13%
Witaszyce
13%
Włostowo
13%
Wojnowice Wielkopolskie
13%
Wolenice
13%
Wólka
13%
Wroniawy
13%
Wronki Zamość
13%
Zakrzewo Złotowskie
13%
Zbąszyń Przedmieście
13%
Zielone Wzgórza
13%
Złotkowo
13%
Złotniki
13%
Złotniki Grzybowe
13%
Żydowo
13%
Brokęcino
0%
Granowiec
0%
Lotyń
0%
Skrzatusz
0%
Nie znaleziono quizów pasujących do podanych kryteriów
Rozkład punktacji
Procent ludzi z każdym wynikiem
Percentyl według liczby udzielonych odpowiedzi
Twoja historia wyników
Nie rozwiązałeś tego quizu od ostatniego zresetowania